[Event "ARG-ch Seniors 50"]
[Site "Coronel Pringles"]
[Date "2019.12.14"]
[Round "3.1"]
[White "Tobares, Leandro"]
[Black "Gomez Baillo, Jorge H"]
[Result "1/2-1/2"]
[WhiteElo "2263"]
[BlackElo "2377"]
[PlyCount "33"]
[EventDate "2019.12.13"]
[EventType "swiss"]
[EventRounds "7"]
[EventCountry "ARG"]
[SourceTitle "EXT 2024"]
[Source "ChessBase"]
[SourceDate "2023.10.10"]
[SourceVersion "1"]
[SourceVersionDate "2023.10.10"]
[SourceQuality "1"]

1. c4 e6 2. d4 Nf6 3. Nf3 d5 4. Nc3 Nbd7 5. cxd5 exd5 6. Bg5 c6 7. e3 Be7 8. Qc2 0-0 9. Bd3 Re8 10. 0-0 Nf8 11. Rab1 Ng6 12. b4 a6 13. a4 Bd6 14. b5 axb5 15. axb5 h6 16. Bxf6 Qxf6 17. e4 1/2-1/2

[Event "Mar del Plata op 50th"]
[Site "Mar del Plata"]
[Date "2019.04.20"]
[Round "9"]
[White "Alonso, Salvador"]
[Black "Gomez Baillo, Jorge H"]
[Result "1-0"]
[WhiteElo "2497"]
[BlackElo "2376"]
[PlyCount "57"]
[EventDate "2019.04.13"]
[EventType "swiss"]
[EventRounds "9"]
[EventCountry "ARG"]
[SourceTitle "CBM 190 Extra"]
[Source "ChessBase"]
[SourceDate "2019.07.15"]
[SourceVersion "1"]
[SourceVersionDate "2019.07.15"]
[SourceQuality "1"]

1. e4 c6 2. d4 d5 3. Nd2 dxe4 4. Nxe4 Bf5 5. Ng3 Bg6 6. h4 h6 7. Nf3 Nd7 8. h5 Bh7 9. Bd3 Bxd3 10. Qxd3 Ngf6 11. Bd2 e6 12. 0-0-0 Be7 13. Kb1 c5 14. Ne4 0-0 15. Nxf6+ Nxf6 16. g4 Nxg4 17. Qe2 Qd5 18. Rdg1 f5 19. c4 Qc6 20. Nh2 Bf6 21. Nxg4 fxg4 22. Qxg4 Rad8 23. Bxh6 Rd5 24. Qg6 Rd7 25. Bc1 Qf3 26. h6 Qxf2 27. Qh7+ Kf7 28. hxg7 Rg8 29. Qxg8+ 1-0

[Event "Mar del Plata op 50th"]
[Site "Mar del Plata"]
[Date "2019.04.19"]
[Round "8"]
[White "Aguero Arce, Matias"]
[Black "Gomez Baillo, Jorge H"]
[Result "0-1"]
[WhiteElo "2190"]
[BlackElo "2376"]
[PlyCount "72"]
[EventDate "2019.04.13"]
[EventType "swiss"]
[EventRounds "9"]
[EventCountry "ARG"]
[SourceTitle "CBM 190 Extra"]
[Source "ChessBase"]
[SourceDate "2019.07.15"]
[SourceVersion "1"]
[SourceVersionDate "2019.07.15"]
[SourceQuality "1"]

1. d4 d5 2. Nf3 c6 3. c4 e6 4. Nc3 dxc4 5. a4 Bb4 6. e4 Nf6 7. e5 Nd5 8. Bd2 b5 9. axb5 Bxc3 10. bxc3 cxb5 11. Ng5 Bb7 12. Qh5 Qe7 13. Be2 Nd7 14. 0-0 h6 15. Bf3 0-0 16. Ne4 f6 17. Nd6 fxe5 18. dxe5 Nc5 19. Qg4 Nd3 20. Qg3 g5 21. h4 Rxf3 22. gxf3 N3f4 23. Bxf4 Nxf4 24. Rfe1 Bc6 25. hxg5 hxg5 26. Ra6 Bd5 27. Nxb5 Kh7 28. Nd4 Kg6 29. Rea1 Qg7 30. Re1 Rh8 31. Qg4 Qf7 32. Re4 Bxe4 33. fxe4 Nh3+ 34. Qxh3 Rxh3 35. Rxe6+ Kh7 36. Ra6 Qh5 0-1

[Event "Villaguay Entre Rios Cup"]
[Site "Villaguay"]
[Date "2017.12.17"]
[Round "6"]
[White "Gomez Baillo, Jorge H"]
[Black "Lopez Ortiz, Juan"]
[Result "1/2-1/2"]
[WhiteElo "2382"]
[BlackElo "2204"]
[PlyCount "43"]
[EventDate "2017.12.15"]
[EventType "swiss"]
[EventRounds "6"]
[EventCountry "ARG"]
[SourceTitle "EXT 2019"]
[Source "ChessBase"]
[SourceDate "2018.10.10"]
[SourceVersion "1"]
[SourceVersionDate "2018.10.10"]
[SourceQuality "1"]

1. e4 e6 2. d4 d5 3. Nc3 Bb4 4. e5 c5 5. Bd2 Nh6 6. Nb5 Bxd2+ 7. Qxd2 0-0 8. dxc5 f6 9. exf6 Qxf6 10. 0-0-0 Na6 11. f3 Nxc5 12. Nh3 Bd7 13. Nf2 Rac8 14. Kb1 a6 15. Nd4 b5 16. Nb3 Na4 17. Qd4 Nf5 18. Qxf6 gxf6 19. Re1 e5 20. Bd3 Nd6 21. c3 Nc4 22. Re2 1/2-1/2

[Event "Villaguay Entre Rios Cup"]
[Site "Villaguay"]
[Date "2017.12.15"]
[Round "2"]
[White "Zalisnak, Jacobo"]
[Black "Gomez Baillo, Jorge H"]
[Result "1/2-1/2"]
[WhiteElo "2085"]
[BlackElo "2382"]
[PlyCount "42"]
[EventDate "2017.12.15"]
[EventType "swiss"]
[EventRounds "6"]
[EventCountry "ARG"]
[SourceTitle "CBM 182 Extra"]
[Source "ChessBase"]
[SourceDate "2018.02.23"]
[SourceVersion "1"]
[SourceVersionDate "2018.02.23"]
[SourceQuality "1"]

1. b3 e5 2. Bb2 d6 3. e3 f5 4. Nf3 Nf6 5. c4 g6 6. d4 e4 7. Nfd2 Bg7 8. Nc3 c6 9. Be2 0-0 10. h4 h6 11. b4 Na6 12. b5 Nc7 13. a4 d5 14. a5 cxb5 15. cxb5 Bd7 16. Qb3 Be8 17. 0-0 Ne6 18. Nxd5 Nxd5 19. Bc4 Nec7 20. b6 Bc6 21. bxc7 Qd7 1/2-1/2

[Event "Federacion op 1st"]
[Site "Federacion"]
[Date "2017.11.12"]
[Round "6"]
[White "Gomez Baillo, Jorge H"]
[Black "Zalisnak, Jacobo"]
[Result "1/2-1/2"]
[WhiteElo "2386"]
[BlackElo "2065"]
[PlyCount "29"]
[EventDate "2017.11.10"]
[EventType "swiss"]
[EventRounds "6"]
[EventCountry "ARG"]
[SourceTitle "EXT 2019"]
[Source "ChessBase"]
[SourceDate "2018.10.10"]
[SourceVersion "1"]
[SourceVersionDate "2018.10.10"]
[SourceQuality "1"]

1. e4 a6 2. d4 b5 3. Nf3 Bb7 4. Bd3 Nf6 5. Qe2 e6 6. 0-0 c5 7. c3 d5 8. e5 Nfd7 9. Ng5 g6 10. Qg4 Qe7 11. h4 Nc6 12. a3 Bg7 13. h5 cxd4 14. cxd4 gxh5 15. Qf4 1/2-1/2

[Event "Federacion op 1st"]
[Site "Federacion"]
[Date "2017.11.11"]
[Round "4"]
[White "Gomez Baillo, Jorge H"]
[Black "Landivar, Matias"]
[Result "1-0"]
[WhiteElo "2386"]
[BlackElo "2091"]
[PlyCount "49"]
[EventDate "2017.11.10"]
[EventType "swiss"]
[EventRounds "6"]
[EventCountry "ARG"]
[SourceTitle "EXT 2019"]
[Source "ChessBase"]
[SourceDate "2018.10.10"]
[SourceVersion "1"]
[SourceVersionDate "2018.10.10"]
[SourceQuality "1"]

1. e4 c5 2. Nf3 d6 3. c3 Nf6 4. Bc4 Nc6 5. Qe2 Bg4 6. d3 e6 7. Nbd2 Be7 8. h3 Bh5 9. Bb3 b5 10. g4 Bg6 11. Nh4 Nd7 12. Nxg6 hxg6 13. f4 Bh4+ 14. Kf1 Qf6 15. Nf3 g5 16. fxg5 Qe7 17. Kg2 0-0-0 18. d4 c4 19. a4 cxb3 20. axb5 Ndb8 21. bxc6 Nxc6 22. Qc4 Qc7 23. Ra6 Kd7 24. Qa4 d5 25. Ne5+ 1-0

[Event "LNA Puma Cup"]
[Site "Argentina"]
[Date "2006.10.15"]
[Round "7"]
[White "Bernard, Ignacio"]
[Black "Gomez Baillo, Jorge H"]
[Result "1-0"]
[WhiteElo "2282"]
[BlackElo "2386"]
[PlyCount "80"]
[EventDate "2006.09.03"]
[EventType "swiss"]
[EventRounds "8"]
[EventCountry "ARG"]
[SourceTitle "EXT 2008"]
[Source "ChessBase"]
[SourceDate "2007.11.25"]
[SourceVersion "1"]
[SourceVersionDate "2007.11.25"]
[SourceQuality "1"]

1. e4 e6 2. Qe2 c5 3. f4 Nc6 4. Nf3 Nge7 5. c3 d5 6. d3 g6 7. g3 Bg7 8. Bg2 0-0 9. 0-0 dxe4 10. dxe4 e5 11. Na3 Bg4 12. h3 Bxf3 13. Qxf3 f5 14. exf5 Rxf5 15. Qe4 Kh8 16. g4 Rf8 17. Nc4 Qc7 18. Be3 b6 19. fxe5 Nxe5 20. Nxe5 Bxe5 21. Qxa8 Rxa8 22. Bxa8 Bg7 23. Bf4 Qc8 24. Bg2 h5 25. Rae1 Ng8 26. g5 c4 27. Kh1 Qd8 28. Rd1 Qc8 29. Rfe1 Qf5 30. Re4 Bf8 31. Rf1 Qc5 32. Be3 Qd6 33. Bd4+ Bg7 34. Rf7 Bxd4 35. cxd4 Qd8 36. h4 b5 37. Ref4 Qe8 38. Rxa7 Qe2 39. Kh2 Ne7 40. Re4 Qc2 1-0

[Event "Benidorm op rap 2nd"]
[Site "Benidorm"]
[Date "2005.11.19"]
[Round "9"]
[White "Gomez Baillo, Jorge H"]
[Black "Minzer, Claudio Javier"]
[Result "1/2-1/2"]
[WhiteElo "2422"]
[BlackElo "2438"]
[PlyCount "27"]
[EventDate "2005.11.17"]
[EventType "swiss (rapid)"]
[EventRounds "11"]
[EventCountry "ESP"]
[SourceTitle "CBM 109 Extra"]
[Source "ChessBase"]
[SourceDate "2006.01.03"]
[SourceVersion "2"]
[SourceVersionDate "2006.01.03"]
[SourceQuality "1"]

1. e4 c5 2. c3 d5 3. exd5 Qxd5 4. d4 cxd4 5. cxd4 Nc6 6. Be3 e5 7. Nc3 Bb4 8. a3 Bxc3+ 9. bxc3 exd4 10. cxd4 Nf6 11. Nf3 0-0 12. Be2 b6 13. 0-0 Bb7 14. Rb1 1/2-1/2

[Event "Villa de Deifontes op"]
[Site "Villa de Deifontes"]
[Date "2005.10.15"]
[Round "3"]
[White "Gomez Baillo, Jorge H"]
[Black "Campora, Daniel Hugo"]
[Result "0-1"]
[WhiteElo "2422"]
[BlackElo "2538"]
[PlyCount "32"]
[EventDate "2005.10.15"]
[EventType "swiss (rapid)"]
[EventRounds "9"]
[EventCountry "ESP"]
[SourceTitle "EXT 2006"]
[Source "ChessBase"]
[SourceDate "2005.11.24"]
[SourceVersion "1"]
[SourceVersionDate "2005.11.24"]
[SourceQuality "1"]

1. e4 e5 2. Nf3 d6 3. d4 exd4 4. Nxd4 Nf6 5. Nc3 Be7 6. g3 Bg4 7. f3 Bd7 8. Bg2 0-0 9. 0-0 a6 10. f4 c5 11. Nf5 Bxf5 12. exf5 Nc6 13. Nd5 Re8 14. c3 Nxd5 15. Bh1 Ndb4 16. Bxc6 Nxc6 0-1

[Event "Albacete op 13th"]
[Site "Albacete"]
[Date "2005.09.06"]
[Round "8"]
[White "Camacho Calle, Pedro"]
[Black "Gomez Baillo, Jorge H"]
[Result "1/2-1/2"]
[WhiteElo "2147"]
[BlackElo "2422"]
[PlyCount "99"]
[EventDate "2005.09.01"]
[EventType "swiss"]
[EventRounds "9"]
[EventCountry "ESP"]
[SourceTitle "CBM 108 Extra"]
[Source "ChessBase"]
[SourceDate "2005.11.04"]
[SourceVersion "1"]
[SourceVersionDate "2005.11.04"]
[SourceQuality "1"]

1. c4 Nf6 2. e3 c6 3. Nf3 d5 4. b3 Bg4 5. Bb2 Nbd7 6. Be2 e6 7. h3 Bh5 8. 0-0 Bd6 9. Nh4 Bxe2 10. Qxe2 0-0 11. Nc3 Re8 12. d4 Ne4 13. Nf3 f5 14. Nd2 Qh4 15. f4 g5 16. Nf3 Qh6 17. Nxe4 fxe4 18. Ne5 Re7 19. Nxd7 Rxd7 20. Qg4 Rg7 21. f5 Re8 22. fxe6 Qxe6 23. Qxe6+ Rxe6 24. cxd5 cxd5 25. Rac1 Rf7 26. Rxf7 Kxf7 27. Rf1+ Kg6 28. g4 Bb4 29. Rf5 Rc6 30. Rf2 h5 31. Kf1 Rc7 32. a3 Bd6 33. Rf5 Rc2 34. Rf2 Rc6 35. Rf5 Bg3 36. a4 hxg4 37. hxg4 Rb6 38. Rxd5 a6 39. Ba3 Rxb3 40. Be7 Rxe3 41. Bxg5 Ra3 42. a5 Bc7 43. Bd2 e3 44. Be1 Ra2 45. Rd7 Bh2 46. Re7 Kg5 47. Rxe3 Kxg4 48. Re2 Rxe2 49. Kxe2 Kf5 50. Kd3 1/2-1/2

[Event "ARG-ch 79th"]
[Site "Buenos Aires"]
[Date "2004.09.30"]
[Round "8"]
[White "Gomez Baillo, Jorge H"]
[Black "Real de Azua, Ernesto"]
[Result "1-0"]
[WhiteElo "2417"]
[BlackElo "2351"]
[PlyCount "97"]
[EventDate "2004.09.24"]
[EventType "swiss"]
[EventRounds "9"]
[EventCountry "ARG"]
[SourceTitle "CBM 102 Extra"]
[Source "ChessBase"]
[SourceDate "2004.11.03"]
[SourceVersion "1"]
[SourceVersionDate "2004.11.03"]
[SourceQuality "1"]

1. Nf3 Nf6 2. g3 d5 3. Bg2 c6 4. 0-0 Bg4 5. d3 Nbd7 6. Nbd2 e5 7. e4 dxe4 8. dxe4 Bc5 9. h3 Bh5 10. Qe1 0-0 11. a4 a5 12. Nc4 Re8 13. Bd2 b6 14. Nh4 Nf8 15. Bf3 Bxf3 16. Nxf3 N6d7 17. Kg2 Qc7 18. Bc3 f6 19. Qe2 Ne6 20. Rfd1 Rad8 21. Ne3 Bxe3 22. Qxe3 Ndc5 23. b3 Rxd1 24. Rxd1 Rd8 25. Rxd8+ Qxd8 26. Qe2 Qd7 27. h4 h5 28. Nd2 Nd4 29. Qc4+ Nde6 30. Kf1 g6 31. Ke1 Kg7 32. Nf3 b5 33. axb5 cxb5 34. Qd5 b4 35. Bb2 Qxd5 36. exd5 Nc7 37. Nxe5 Nxd5 38. Nc4 a4 39. bxa4 Nxa4 40. Bd4 Kf7 41. Ke2 Ke6 42. Ne3 f5 43. Ng2 f4 44. gxf4 Kf5 45. Kf3 Nac3 46. Ne3+ Nxe3 47. fxe3 Nb5 48. e4+ Ke6 49. Ke3 1-0

[Event "ARG-ch 79th"]
[Site "Buenos Aires"]
[Date "2004.09.29"]
[Round "7"]
[White "Tristan, Leonardo"]
[Black "Gomez Baillo, Jorge H"]
[Result "1/2-1/2"]
[WhiteElo "2185"]
[BlackElo "2417"]
[PlyCount "79"]
[EventDate "2004.09.24"]
[EventType "swiss"]
[EventRounds "9"]
[EventCountry "ARG"]
[SourceTitle "CBM 102 Extra"]
[Source "ChessBase"]
[SourceDate "2004.11.03"]
[SourceVersion "1"]
[SourceVersionDate "2004.11.03"]
[SourceQuality "1"]

1. e4 c6 2. d4 d5 3. Nc3 dxe4 4. Nxe4 Bf5 5. Ng3 Bg6 6. h4 h6 7. Nf3 Nd7 8. h5 Bh7 9. Bd3 Bxd3 10. Qxd3 Ngf6 11. Bd2 e6 12. Qe2 Be7 13. 0-0-0 0-0 14. Ne5 c5 15. dxc5 Nxc5 16. Bc3 Qc7 17. Kb1 Rfd8 18. Ng4 Rxd1+ 19. Rxd1 Rd8 20. Nxf6+ Bxf6 21. Bxf6 Rxd1+ 22. Qxd1 gxf6 23. Qd4 Qe5 24. Qxe5 fxe5 25. b4 Na6 26. c3 f5 27. Kc2 Kf7 28. Kd3 Nc7 29. c4 Ke7 30. Ne2 Kd6 31. f4 exf4 32. Nxf4 b6 33. Ng6 e5 34. c5+ bxc5 35. bxc5+ Ke6 36. g3 Nd5 37. Kc4 Nf6 38. Nf8+ Ke7 39. Ng6+ Ke6 40. Nf8+ 1/2-1/2

[Event "Posadas Anniv CAP 78th"]
[Site "Posadas"]
[Date "2004.07.09"]
[Round "2"]
[White "Manzone, Alessandro Jr"]
[Black "Gomez Baillo, Jorge H"]
[Result "1/2-1/2"]
[WhiteElo "2239"]
[BlackElo "2417"]
[PlyCount "32"]
[EventDate "2004.07.08"]
[EventType "swiss"]
[EventRounds "7"]
[EventCountry "ARG"]
[SourceTitle "EXT 2008"]
[Source "ChessBase"]
[SourceDate "2007.11.25"]
[SourceVersion "1"]
[SourceVersionDate "2007.11.25"]
[SourceQuality "1"]

1. d4 d5 2. c4 dxc4 3. Nf3 Nf6 4. e3 Bg4 5. Bxc4 e6 6. 0-0 a6 7. Nc3 Nc6 8. b3 Bd6 9. Bb2 0-0 10. h3 Bh5 11. Rc1 Qe7 12. Be2 Rfd8 13. Ne5 Bxe2 14. Nxc6 Bxd1 15. Nxe7+ Bxe7 16. Rfxd1 Rac8 1/2-1/2

[Event "Mar del Plata op"]
[Site "Mar del Plata"]
[Date "2004.04.10"]
[Round "9"]
[White "Rosito, Jorge"]
[Black "Gomez Baillo, Jorge H"]
[Result "1-0"]
[WhiteElo "2456"]
[BlackElo "2438"]
[PlyCount "45"]
[EventDate "2004.04.02"]
[EventType "swiss"]
[EventRounds "9"]
[EventCountry "ARG"]
[SourceTitle "CBM 099 Extra"]
[Source "ChessBase"]
[SourceDate "2004.05.04"]
[SourceVersion "1"]
[SourceVersionDate "2004.05.04"]
[SourceQuality "1"]

1. e4 c6 2. c4 d5 3. exd5 Nf6 4. Nc3 cxd5 5. cxd5 Nxd5 6. Nf3 e6 7. d4 Bb4 8. Bd2 Nc6 9. Bd3 Be7 10. a3 0-0 11. Qe2 Bf6 12. Qe4 g6 13. 0-0 Nxc3 14. Bxc3 Bg7 15. Rad1 Bd7 16. h4 Ne7 17. h5 Bc6 18. Qg4 Bd5 19. hxg6 hxg6 20. Ng5 Nf5 21. Bxf5 exf5 22. Qh4 Re8 23. Qh7+ 1-0

[Event "Mar del Plata op"]
[Site "Mar del Plata"]
[Date "2004.04.05"]
[Round "4"]
[White "Gomez Baillo, Jorge H"]
[Black "Mussanti, Diego"]
[Result "1/2-1/2"]
[WhiteElo "2438"]
[BlackElo "2320"]
[PlyCount "53"]
[EventDate "2004.04.02"]
[EventType "swiss"]
[EventRounds "9"]
[EventCountry "ARG"]
[SourceTitle "CBM 099 Extra"]
[Source "ChessBase"]
[SourceDate "2004.05.04"]
[SourceVersion "1"]
[SourceVersionDate "2004.05.04"]
[SourceQuality "1"]

1. e4 c5 2. Nf3 e6 3. d4 cxd4 4. Nxd4 Nc6 5. Nc3 d6 6. Be2 Nf6 7. 0-0 Be7 8. Be3 0-0 9. f4 a6 10. Kh1 Qc7 11. a4 Rd8 12. Bd3 Nd7 13. Qf3 Nb4 14. a5 Nc5 15. Na4 Bd7 16. Nb6 Rab8 17. Be2 Bc6 18. Nxc6 Nxc6 19. Rab1 Nxa5 20. b4 Qxb6 21. bxc5 Qc7 22. cxd6 Rxd6 23. e5 Rc6 24. f5 exf5 25. Qxf5 Rf8 26. Bd3 g6 27. Qe4 1/2-1/2

[Event "Chesspangenberg op 1st"]
[Site "Buenos Aires"]
[Date "2003.11.07"]
[Round "4"]
[White "Gomez Baillo, Jorge H"]
[Black "Bulcourf, Carlos"]
[Result "1-0"]
[WhiteElo "2438"]
[BlackElo "2274"]
[PlyCount "31"]
[EventDate "2003.11.04"]
[EventType "swiss"]
[EventRounds "9"]
[EventCountry "ARG"]
[SourceTitle "EXT 2004"]
[Source "ChessBase"]
[SourceDate "2003.11.25"]
[SourceVersion "1"]
[SourceVersionDate "2003.11.25"]
[SourceQuality "1"]

1. e4 c6 2. d4 Nf6 3. Bd3 d6 4. Nf3 e5 5. 0-0 Nbd7 6. c3 Be7 7. Nbd2 0-0 8. Re1 Re8 9. b3 Qc7 10. Bb2 b5 11. Rc1 a6 12. c4 Qb8 13. Rc2 exd4 14. Nxd4 Ne5 15. Bf1 c5 16. N2f3 1-0

[Event "American Continental 02nd"]
[Site "Buenos Aires"]
[Date "2003.08.28"]
[Round "10"]
[White "Kudrin, Sergey"]
[Black "Gomez Baillo, Jorge H"]
[Result "1-0"]
[WhiteElo "2538"]
[BlackElo "2429"]
[PlyCount "43"]
[EventDate "2003.08.17"]
[EventType "swiss"]
[EventRounds "11"]
[EventCountry "ARG"]
[SourceTitle "CBM 097"]
[Source "ChessBase"]
[SourceDate "2003.11.11"]
[SourceVersion "1"]
[SourceVersionDate "2003.11.11"]
[SourceQuality "1"]

1. e4 c6 2. d4 d5 3. Nc3 dxe4 4. Nxe4 Bf5 5. Ng3 Bg6 6. h4 h6 7. Nf3 Nf6 8. Ne5 Bh7 9. Bd3 Bxd3 10. Qxd3 e6 11. Bd2 Nbd7 12. f4 Be7 13. 0-0-0 c5 14. Qb5 Qc7 15. f5 a6 16. Qd3 Nxe5 17. dxe5 c4 18. Qf3 Nd5 19. fxe6 fxe6 20. Qh5+ Kd7 21. Qg4 Qc6 22. Ba5 1-0

[Event "American Continental 02nd"]
[Site "Buenos Aires"]
[Date "2003.08.25"]
[Round "7"]
[White "Aguilar, Andres"]
[Black "Gomez Baillo, Jorge H"]
[Result "0-1"]
[WhiteElo "2204"]
[BlackElo "2429"]
[PlyCount "86"]
[EventDate "2003.08.17"]
[EventType "swiss"]
[EventRounds "11"]
[EventCountry "ARG"]
[SourceTitle "CBM 097"]
[Source "ChessBase"]
[SourceDate "2003.11.11"]
[SourceVersion "1"]
[SourceVersionDate "2003.11.11"]
[SourceQuality "1"]

1. e4 c6 2. d4 d5 3. e5 Bf5 4. Nf3 e6 5. Be2 Nd7 6. 0-0 Bg6 7. Be3 Nh6 8. Nbd2 Nf5 9. c4 dxc4 10. Rc1 Nb6 11. Nxc4 Be7 12. Qb3 0-0 13. a4 Nxc4 14. Bxc4 Qd7 15. g4 Nxe3 16. Qxe3 Rfd8 17. Rfd1 Bb4 18. Nh4 Ba5 19. f4 Bb6 20. Nf3 Qe7 21. Kg2 Rd7 22. Bd3 Bxd3 23. Rxd3 f5 24. gxf5 exf5 25. Qd2 Rd5 26. b4 a6 27. Kh1 Rad8 28. Rg1 R8d7 29. Rg5 Qe6 30. Qg2 a5 31. bxa5 Rxa5 32. Qb2 Bd8 33. Qb4 Bxg5 34. Qxa5 Bxf4 35. Qa8+ Kf7 36. d5 cxd5 37. Rb3 Qc6 38. e6+ Qxe6 39. Rxb7 d4 40. a5 d3 41. Qc8 Rxb7 42. Qxb7+ Kg6 43. Nh4+ Kh6 0-1